[Event "GRE-chT 50th"]
[Site "Nikaia"]
[Date "2023.08.29"]
[Round "6.1"]
[White "Georgakopoulos, Nikolaos"]
[Black "Megalios, Konstantinos"]
[Result "0-1"]
[WhiteElo "2342"]
[BlackElo "2365"]
[PlyCount "136"]
[EventDate "2023.08.25"]
[EventType "team"]
[EventRounds "9"]
[EventCountry "GRE"]
[SourceTitle "EXT 2024"]
[Source "ChessBase"]
[SourceDate "2023.10.10"]
[SourceVersion "1"]
[SourceVersionDate "2023.10.10"]
[SourceQuality "1"]
[WhiteTeam "Patron"]
[BlackTeam "Thessaloniki Aris"]
[WhiteTeamCountry "GRE"]
[BlackTeamCountry "GRE"]

1. d4 Nf6 2. c4 g6 3. Nf3 Bg7 4. g3 0-0 5. Bg2 d6 6. 0-0 c5 7. Nc3 Nc6 8. d5 Na5 9. Nd2 e6 10. Rb1 exd5 11. cxd5 Bd7 12. b4 cxb4 13. Rxb4 Rc8 14. Bb2 Re8 15. Qa1 Ng4 16. Nce4 Bxb2 17. Qxb2 Bf5 18. h3 Ne5 19. f4 Nd7 20. Rc1 Rxc1+ 21. Qxc1 Bxe4 22. Rxe4 Nc5 23. Rxe8+ Qxe8 24. Qc3 b6 25. e4 Qa4 26. e5 Qd1+ 27. Kh2 Qe2 28. exd6 Nab7 29. d7 Qe7 30. Ne4 Nxd7 31. Qc7 Nbc5 32. Nxc5 bxc5 33. Qxa7 h5 34. h4 Qd6 35. Qa8+ Kg7 36. Qc6 Qe7 37. Qc7 Qe8 38. Qc6 Qe7 39. Qc7 Qe8 40. Qb7 Nf6 41. Qb2 Qe3 42. Bf1 Qf3 43. Bg2 Qd3 44. d6 c4 45. d7 Qxd7 46. Qc3 Qa4 47. Bf1 Qxa2+ 48. Kh3 Qb1 49. Kg2 Qa2+ 50. Kh3 Qb1 51. Kg2 Qb3 52. Qxc4 Qb7+ 53. Kg1 Qa7+ 54. Kg2 Qb7+ 55. Kg1 Ng4 56. Qd4+ Kh7 57. Be2 Qb3 58. Kg2 Ne3+ 59. Kh2 Nf5 60. Qf2 Qc2 61. Kg2 Qd2 62. Bf3 Ne3+ 63. Kg1 Qc1+ 64. Kh2 Kg7 65. Kh3 Ng4 66. Qg2 Ne3 67. Qf2 Qc5 68. Qd2 Qf5+ 0-1

[Event "GRE-chT 50th"]
[Site "Nikaia"]
[Date "2023.08.25"]
[Round "1.1"]
[White "Megalios, Konstantinos"]
[Black "Kapnisis, Spyridon"]
[Result "1-0"]
[WhiteElo "2365"]
[BlackElo "2450"]
[PlyCount "75"]
[EventDate "2023.08.25"]
[EventType "team"]
[EventRounds "9"]
[EventCountry "GRE"]
[SourceTitle "EXT 2024"]
[Source "ChessBase"]
[SourceDate "2023.10.10"]
[SourceVersion "1"]
[SourceVersionDate "2023.10.10"]
[SourceQuality "1"]
[WhiteTeam "Thessaloniki Aris"]
[BlackTeam "Phisiolatris"]
[WhiteTeamCountry "GRE"]
[BlackTeamCountry "GRE"]

1. d4 Nf6 2. c4 g6 3. Nc3 Bg7 4. e4 d6 5. Nf3 0-0 6. Be2 e5 7. d5 a5 8. Bg5 h6 9. Bh4 Na6 10. Nd2 Bd7 11. 0-0 Nc5 12. Qc2 g5 13. Bg3 h5 14. f3 h4 15. Bf2 b6 16. Rfe1 Nh5 17. Nf1 f5 18. Bxc5 bxc5 19. exf5 Bxf5 20. Bd3 Bxd3 21. Qxd3 e4 22. Qxe4 Rb8 23. Nb5 Kh8 24. Qg4 Nf4 25. Rad1 Be5 26. g3 Ng6 27. f4 Qf6 28. fxe5 Nxe5 29. Rxe5 Qxe5 30. Qh5+ Kg8 31. gxh4 Rf4 32. b3 Rxh4 33. Qg6+ Kh8 34. Nxc7 Rf8 35. Ne6 Rxf1+ 36. Kxf1 Rxh2 37. Qe8+ Kh7 38. Nf8+ 1-0

[Event "Titled Tuesday intern op 20th Jun Late"]
[Site "Chess.com INT"]
[Date "2023.06.20"]
[Round "2"]
[White "Megalios, Konstantinos"]
[Black "Bortnyk, Mykola"]
[Result "0-1"]
[WhiteElo "2365"]
[BlackElo "2427"]
[PlyCount "50"]
[EventDate "2023.06.20"]
[EventType "swiss (blitz)"]
[EventRounds "11"]
[EventCountry "USA"]
[SourceTitle "EXT 2024"]
[Source "ChessBase"]
[SourceDate "2023.10.10"]
[SourceVersion "1"]
[SourceVersionDate "2023.10.10"]
[SourceQuality "1"]

1. d4 f5 2. Bg5 Nf6 3. Bxf6 exf6 4. e3 d5 5. c4 c6 6. Nc3 Bb4 7. Qb3 a5 8. c5 f4 9. a3 Bxc3+ 10. Qxc3 fxe3 11. Qxe3+ Kf7 12. 0-0-0 b6 13. cxb6 Qxb6 14. Re1 Ra7 15. Bd3 Rb7 16. Qd2 c5 17. Ne2 Nc6 18. dxc5 Qxc5+ 19. Qc3 Qd6 20. Kb1 Ne5 21. Rc1 Bd7 22. Nf4 Rhb8 23. Rc2 g5 24. Ne2 Rb3 25. Qxa5 Nxd3 0-1

[Event "Titled Tuesday intern op 11th Apr Early"]
[Site "Chess.com INT"]
[Date "2023.04.11"]
[Round "3"]
[White "Jimenez Jimenez, Leandro"]
[Black "Megalios, Konstantinos"]
[Result "0-1"]
[WhiteElo "2151"]
[BlackElo "2372"]
[PlyCount "98"]
[EventDate "2023.04.11"]
[EventType "swiss (blitz)"]
[EventRounds "11"]
[EventCountry "USA"]
[SourceTitle "CBM 213 Extra"]
[Source "ChessBase"]
[SourceDate "2023.05.31"]
[SourceVersion "1"]
[SourceVersionDate "2023.05.31"]
[SourceQuality "1"]

1. d4 Nf6 2. c4 c5 3. dxc5 Na6 4. g3 Nxc5 5. Bg2 g6 6. Nc3 Bg7 7. Nf3 0-0 8. 0-0 d6 9. Nd4 Rb8 10. b4 Ne6 11. Nc2 Ng4 12. Bb2 Bd7 13. a4 Re8 14. a5 Qc8 15. Na3 Ne5 16. Qb3 Nd4 17. Qa2 Be6 18. Nd5 Nxe2+ 19. Kh1 Bxd5 20. Bxd5 Qh3 21. Bxe5 Bxe5 22. Qxe2 Bxa1 23. Rxa1 e6 24. Bg2 Qf5 25. Nb5 d5 26. Rd1 Qf6 27. Nxa7 dxc4 28. Qxc4 Qxf2 29. Qd4 Qxd4 30. Rxd4 e5 31. Rd7 e4 32. Kg1 f5 33. Bf1 Rbd8 34. Bc4+ Kh8 35. Rxd8 Rxd8 36. Nb5 Rd2 37. h4 Rb2 38. Nd6 Rxb4 39. Bd5 e3 40. Bxb7 Rb1+ 41. Kg2 e2 42. Nf7+ Kg7 43. a6 e1Q 44. a7 Qh1+ 45. Kf2 Qxb7 46. Nd6 Rb2+ 47. Ke1 Qxa7 48. Ne8+ Kh6 49. Nd6 Qe3+ 0-1

[Event "EU-ch 23rd"]
[Site "Vrnjacka Banja"]
[Date "2023.03.11"]
[Round "9"]
[White "Megalios, Konstantinos"]
[Black "Ozdemir, Serhan Berat"]
[Result "1/2-1/2"]
[WhiteElo "2382"]
[BlackElo "2200"]
[PlyCount "82"]
[EventDate "2023.03.03"]
[EventType "swiss"]
[EventRounds "11"]
[EventCountry "SRB"]
[SourceTitle "CBM 213"]
[Source "ChessBase"]
[SourceDate "2023.04.30"]
[SourceVersion "1"]
[SourceVersionDate "2023.04.30"]
[SourceQuality "1"]

1. d4 Nf6 2. c4 e6 3. Nc3 Bb4 4. a3 Bxc3+ 5. bxc3 c5 6. f3 0-0 7. e4 d6 8. Bd3 Nc6 9. Ne2 e5 10. d5 Ne7 11. g4 Nd7 12. h4 Nb6 13. Ra2 Qe8 14. a4 a5 15. Rb2 Ra6 16. Rb5 Bd7 17. h5 Bxb5 18. cxb5 Ra8 19. c4 Qd7 20. Ng3 f6 21. Qc2 Rf7 22. Bf1 Qc7 23. Bh3 Raf8 24. Ne2 Re8 25. f4 Nd7 26. g5 fxg5 27. fxg5 Nf8 28. Bg4 Nc8 29. Ng1 Qe7 30. Nf3 Nb6 31. Kf2 Rf4 32. Bxf4 exf4 33. Re1 Nbd7 34. Qc3 b6 35. Bh3 Ne5 36. Nxe5 Qxe5 37. Qxe5 Rxe5 38. Kf3 Rxg5 39. Bg4 Re5 40. Kxf4 h6 41. Bf5 Kf7 1/2-1/2

[Event "EU-ch 23rd"]
[Site "Vrnjacka Banja"]
[Date "2023.03.06"]
[Round "4"]
[White "Shadyev, Damir"]
[Black "Megalios, Konstantinos"]
[Result "0-1"]
[WhiteElo "1712"]
[BlackElo "2382"]
[PlyCount "84"]
[EventDate "2023.03.03"]
[EventType "swiss"]
[EventRounds "11"]
[EventCountry "SRB"]
[SourceTitle "CBM 213"]
[Source "ChessBase"]
[SourceDate "2023.04.30"]
[SourceVersion "1"]
[SourceVersionDate "2023.04.30"]
[SourceQuality "1"]

1. e4 e5 2. Nf3 Nc6 3. Bb5 g6 4. 0-0 Bg7 5. c3 a6 6. Ba4 Nge7 7. d4 exd4 8. cxd4 0-0 9. Bb3 d6 10. h3 Na5 11. Bc2 b5 12. Nc3 Bb7 13. a4 b4 14. Ne2 c5 15. b3 f5 16. Ng3 cxd4 17. Nxd4 Qb6 18. Bb2 f4 19. Nge2 d5 20. Qb1 Rad8 21. exd5 Nxd5 22. Be4 Nc3 23. Bxc3 bxc3 24. b4 Kh8 25. Nf3 Nb3 26. Ra3 Nd2 27. Nxd2 cxd2 28. Bxb7 Qxb7 29. Rf3 g5 30. Rd1 Rfe8 31. Nc3 Rc8 32. Qb3 Re1+ 33. Kh2 Bxc3 34. Rxc3 Rxd1 35. Rxc8+ Qxc8 36. Qxd1 Qc3 37. b5 f3 38. gxf3 Qe5+ 39. f4 Qe1 40. Qf3 d1Q 41. Qa8+ Kg7 42. Qg2 Qe7 0-1

[Event "EU-ch 23rd"]
[Site "Vrnjacka Banja"]
[Date "2023.03.04"]
[Round "2"]
[White "Oliinyk, Serafim"]
[Black "Megalios, Konstantinos"]
[Result "0-1"]
[WhiteElo "2042"]
[BlackElo "2382"]
[PlyCount "64"]
[EventDate "2023.03.03"]
[EventType "swiss"]
[EventRounds "11"]
[EventCountry "SRB"]
[SourceTitle "CBM 213"]
[Source "ChessBase"]
[SourceDate "2023.04.30"]
[SourceVersion "1"]
[SourceVersionDate "2023.04.30"]
[SourceQuality "1"]

1. e4 c5 2. Nf3 Nc6 3. d4 cxd4 4. Nxd4 e5 5. Nb5 d6 6. c4 Be6 7. Bd3 g6 8. 0-0 a6 9. N5c3 Bg7 10. Be3 Nf6 11. Nd5 Bxd5 12. cxd5 Nd4 13. Nd2 0-0 14. Nb3 Nd7 15. Rc1 Qb6 16. Be2 a5 17. Rc4 Rfc8 18. Rxc8+ Rxc8 19. Bg4 Rc7 20. Bxd7 Rxd7 21. Qg4 Qb5 22. Bxd4 exd4 23. Nxa5 h5 24. Qh3 Re7 25. Nb3 Rxe4 26. Rd1 Qe2 27. Qc8+ Kh7 28. Rf1 d3 29. Qc1 Bxb2 30. Qd2 Ba3 31. Qa5 Bb4 32. Qc7 Qxf1+ 0-1

[Event "Titled Tuesday intern op 07th Feb Early"]
[Site "Chess.com INT"]
[Date "2023.02.07"]
[Round "2"]
[White "Fedoseev, Vladimir1111"]
[Black "Megalios, Konstantinos"]
[Result "1-0"]
[WhiteElo "2674"]
[BlackElo "2382"]
[PlyCount "51"]
[EventDate "2023.02.07"]
[EventType "swiss (blitz)"]
[EventRounds "11"]
[EventCountry "USA"]
[SourceTitle "EXT 2024"]
[Source "ChessBase"]
[SourceDate "2023.10.10"]
[SourceVersion "1"]
[SourceVersionDate "2023.10.10"]
[SourceQuality "1"]

1. Nf3 d5 2. d4 Bf5 3. c4 e6 4. Qb3 Nc6 5. a3 Rb8 6. Bf4 Nf6 7. e3 Bd6 8. Bg5 Be7 9. Nc3 Ne4 10. Bxe7 Nxe7 11. Be2 0-0 12. 0-0 c6 13. a4 a5 14. Qa3 Ng6 15. Rfc1 Nh4 16. cxd5 exd5 17. b4 Nxf3+ 18. Bxf3 Nd2 19. Be2 Re8 20. b5 Qg5 21. Ra2 Bh3 22. g3 Rxe3 23. Rxd2 Rxe2 24. Rxe2 Qg4 25. Qd6 Rf8 26. Qf4 1-0

[Event "Titled Tuesday intern op 07th Feb Early"]
[Site "Chess.com INT"]
[Date "2023.02.07"]
[Round "5"]
[White "Grigorjev, Iljya"]
[Black "Megalios, Konstantinos"]
[Result "1-0"]
[WhiteElo "2431"]
[BlackElo "2382"]
[PlyCount "69"]
[EventDate "2023.02.07"]
[EventType "swiss (blitz)"]
[EventRounds "11"]
[EventCountry "USA"]
[SourceTitle "EXT 2024"]
[Source "ChessBase"]
[SourceDate "2023.10.10"]
[SourceVersion "1"]
[SourceVersionDate "2023.10.10"]
[SourceQuality "1"]

1. d4 Nf6 2. c4 e6 3. Nf3 Bb4+ 4. Bd2 a5 5. g3 d6 6. Bg2 Nbd7 7. 0-0 e5 8. Bg5 exd4 9. Nxd4 h6 10. Bf4 0-0 11. a3 Bc5 12. Nc3 a4 13. Ndb5 Nb6 14. Qd3 Ng4 15. Rad1 Re8 16. Nd5 Nxd5 17. cxd5 Qf6 18. Nxc7 Bf5 19. Qb5 Qe7 20. Nxa8 Rxa8 21. Bf3 g5 22. Bd2 Ne5 23. Rfe1 Bc2 24. Rc1 Bd3 25. exd3 Nxf3+ 26. Kg2 Nxe1+ 27. Rxe1 Qf6 28. Be3 Rc8 29. Qxb7 Re8 30. Qd7 Re7 31. Qd8+ Kg7 32. Qxe7 Qxe7 33. Bd4+ Qf6 34. Bxf6+ Kxf6 35. Re4 1-0

[Event "Titled Tuesday intern op 24th Jan Late"]
[Site "Chess.com INT"]
[Date "2023.01.24"]
[Round "8"]
[White "Megalios, Konstantinos"]
[Black "Jaskolka, Tomasz"]
[Result "1-0"]
[WhiteElo "2397"]
[BlackElo "2188"]
[PlyCount "65"]
[EventDate "2023.01.24"]
[EventType "swiss (blitz)"]
[EventRounds "11"]
[EventCountry "USA"]
[SourceTitle "EXT 2024"]
[Source "ChessBase"]
[SourceDate "2023.10.10"]
[SourceVersion "1"]
[SourceVersionDate "2023.10.10"]
[SourceQuality "1"]

1. Nf3 d5 2. g3 c6 3. Bg2 Nf6 4. 0-0 Bg4 5. d3 e6 6. Nbd2 Nbd7 7. e4 Be7 8. Qe1 0-0 9. h3 Bxf3 10. Bxf3 Qc7 11. Bg2 a5 12. a4 b5 13. Qe2 Rfb8 14. c3 Nc5 15. axb5 cxb5 16. exd5 exd5 17. d4 Ne6 18. Nf3 b4 19. cxb4 axb4 20. Rxa8 Rxa8 21. Be3 Qb6 22. Rc1 h6 23. Qd1 Ne4 24. Ne5 Bf6 25. Qg4 Bxe5 26. dxe5 Qb7 27. Bxh6 Ra2 28. Bxg7 Nxg7 29. Rc8+ Kh7 30. Qh4+ Kg6 31. Rh8 Ng5 32. Rh6+ Kf5 33. Qf4# 1-0

[Event "Titled Tuesday intern op 24th Jan Late"]
[Site "Chess.com INT"]
[Date "2023.01.24"]
[Round "9"]
[White "Mikaelyan, Arman"]
[Black "Megalios, Konstantinos"]
[Result "1-0"]
[WhiteElo "2504"]
[BlackElo "2397"]
[PlyCount "67"]
[EventDate "2023.01.24"]
[EventType "swiss (blitz)"]
[EventRounds "11"]
[EventCountry "USA"]
[SourceTitle "EXT 2024"]
[Source "ChessBase"]
[SourceDate "2023.10.10"]
[SourceVersion "1"]
[SourceVersionDate "2023.10.10"]
[SourceQuality "1"]

1. d4 Nf6 2. Nf3 e6 3. g3 d5 4. Bg2 Be7 5. 0-0 0-0 6. Bf4 b5 7. Nbd2 Bb7 8. a4 b4 9. c4 c5 10. dxc5 Na6 11. c6 Bxc6 12. Ne5 Bb7 13. Nb3 Rc8 14. Rc1 Nc5 15. Nxc5 Bxc5 16. Bg5 Be7 17. cxd5 Rxc1 18. Qxc1 Bxd5 19. Rd1 Qc8 20. Bxd5 Nxd5 21. Qxc8 Rxc8 22. Bxe7 Nxe7 23. Rd7 Ng6 24. Nxf7 h6 25. Rxa7 Rc2 26. h4 Rxb2 27. h5 Nf8 28. Ne5 Rxe2 29. Nc6 b3 30. Kg2 b2 31. Rb7 e5 32. a5 Ne6 33. a6 Nd4 34. a7 1-0

[Event "Titled Tuesday intern op 24th Jan Late"]
[Site "Chess.com INT"]
[Date "2023.01.24"]
[Round "5"]
[White "Moroni, Luca Jr"]
[Black "Megalios, Konstantinos"]
[Result "1-0"]
[WhiteElo "2576"]
[BlackElo "2397"]
[PlyCount "87"]
[EventDate "2023.01.24"]
[EventType "swiss (blitz)"]
[EventRounds "11"]
[EventCountry "USA"]
[SourceTitle "EXT 2024"]
[Source "ChessBase"]
[SourceDate "2023.10.10"]
[SourceVersion "1"]
[SourceVersionDate "2023.10.10"]
[SourceQuality "1"]

1. d4 Nf6 2. Nf3 d6 3. g3 Nbd7 4. Bg2 e5 5. 0-0 g6 6. c4 Bg7 7. Nc3 0-0 8. e4 exd4 9. Nxd4 Re8 10. Re1 Nc5 11. h3 Bd7 12. b3 h6 13. Bb2 a5 14. Rb1 Qc8 15. Kh2 Re5 16. f4 Rh5 17. f5 gxf5 18. Nd5 Nxd5 19. exd5 Rg5 20. Nf3 Rg6 21. Nh4 Qf8 22. Nxg6 fxg6 23. Bxg7 Qxg7 24. Qd2 Rf8 25. Qxa5 f4 26. gxf4 Nd3 27. Qxc7 Qf6 28. Qxd7 Qxf4+ 29. Kh1 Qg3 30. Re8 Nf2+ 31. Kg1 Nxh3+ 32. Qxh3 Qf2+ 33. Kh1 Rxe8 34. Rf1 Re1 35. Qe6+ Rxe6 36. Rxf2 Re1+ 37. Rf1 Re2 38. Rf6 Kg7 39. Rxd6 Rxa2 40. Rb6 h5 41. d6 Kh6 42. d7 Rd2 43. Bd5 Kg5 44. d8Q+ 1-0

[Event "Titled Tuesday intern op 20th Dec Late"]
[Site "Chess.com INT"]
[Date "2022.12.20"]
[Round "5"]
[White "Muhammad, Shahzeb"]
[Black "Megalios, Konstantinos"]
[Result "1/2-1/2"]
[WhiteElo "1853"]
[BlackElo "2397"]
[PlyCount "145"]
[EventDate "2022.12.20"]
[EventType "swiss (blitz)"]
[EventRounds "11"]
[EventCountry "USA"]
[SourceTitle "EXT 2024"]
[Source "ChessBase"]
[SourceDate "2023.10.10"]
[SourceVersion "1"]
[SourceVersionDate "2023.10.10"]
[SourceQuality "1"]

1. e4 g6 2. d4 Bg7 3. Nc3 d6 4. Be3 a6 5. Qd2 b5 6. f3 Nd7 7. Nh3 Nb6 8. Nf4 Nf6 9. d5 0-0 10. h4 Bb7 11. h5 c6 12. hxg6 hxg6 13. Qf2 Nbd7 14. dxc6 Bxc6 15. Qh4 Re8 16. 0-0-0 b4 17. Ncd5 e5 18. Nxf6+ Qxf6 19. Qxf6 Nxf6 20. Nh3 d5 21. exd5 Nxd5 22. Bc5 Rac8 23. Bc4 Nc7 24. Bxb4 e4 25. fxe4 Rxe4 26. b3 Ne6 27. Rhe1 Nd4 28. Rxe4 Bxe4 29. Rf1 Nf5 30. g4 Ne3 31. Bxf7+ Kh8 32. Rf2 Rxc2+ 33. Rxc2 Nxc2 34. Ng5 Bd3 35. Bd2 Nd4 36. Ne6 Ne2+ 37. Kd1 Be5 38. Ke1 Bg3+ 39. Kd1 Be5 40. Ng5 Ng3 41. Nf3 Be2+ 42. Ke1 Bxf3 43. Bxg6 Ne4 44. Bf5 Nf6 45. Kf2 Bxg4 46. Bxg4 Nxg4+ 47. Kf3 Nf6 48. Ke3 Kg7 49. Kd3 Kf7 50. Kc4 Bd6 51. b4 Ke7 52. a4 Bc7 53. Bg5 Ke6 54. b5 a5 55. Bd2 Nd7 56. Be3 Kd6 57. Bf4+ Ne5+ 58. Kd4 Ke6 59. Bxe5 Bxe5+ 60. Kc5 Kd7 61. Kb6 Bd4+ 62. Kxa5 Kc7 63. Ka6 Bc3 64. a5 Kb8 65. b6 Bd4 66. Kb5 Be3 67. a6 Bxb6 68. Kxb6 Ka8 69. Ka5 Kb8 70. Kb5 Ka8 71. Ka5 Kb8 72. Kb5 Ka8 73. Ka5 1/2-1/2

[Event "Titled Tuesday intern op 29th Nov Early"]
[Site "Chess.com INT"]
[Date "2022.11.29"]
[Round "1"]
[White "Berezin, Viktor1111"]
[Black "Megalios, Konstantinos"]
[Result "0-1"]
[WhiteElo "2307"]
[BlackElo "2397"]
[PlyCount "56"]
[EventDate "2022.11.29"]
[EventType "swiss (blitz)"]
[EventRounds "11"]
[EventCountry "USA"]
[SourceTitle "EXT 2024"]
[Source "ChessBase"]
[SourceDate "2023.10.10"]
[SourceVersion "1"]
[SourceVersionDate "2023.10.10"]
[SourceQuality "1"]

1. Nf3 Nf6 2. c4 e6 3. g3 a6 4. Bg2 b5 5. 0-0 Bb7 6. d3 c5 7. Nc3 Qb6 8. Rb1 Be7 9. a3 Nc6 10. Bd2 0-0 11. Ng5 Nd4 12. Nge4 Nxe4 13. Nxe4 d5 14. cxd5 Bxd5 15. b4 cxb4 16. axb4 Qb7 17. Bc3 Nf5 18. Qd2 Rac8 19. Rfc1 Rfd8 20. Bf3 h6 21. Ba1 Rxc1+ 22. Rxc1 Bxe4 23. Bxe4 Qxe4 24. dxe4 Rxd2 25. exf5 exf5 26. Rc8+ Kh7 27. Bc3 Rxe2 28. Kf1 Rc2 0-1

[Event "Titled Tuesday intern op 29th Nov Early"]
[Site "Chess.com INT"]
[Date "2022.11.29"]
[Round "4"]
[White "Megalios, Konstantinos"]
[Black "Durarbayli, Vasif"]
[Result "1-0"]
[WhiteElo "2397"]
[BlackElo "2612"]
[PlyCount "103"]
[EventDate "2022.11.29"]
[EventType "swiss (blitz)"]
[EventRounds "11"]
[EventCountry "USA"]
[SourceTitle "EXT 2024"]
[Source "ChessBase"]
[SourceDate "2023.10.10"]
[SourceVersion "1"]
[SourceVersionDate "2023.10.10"]
[SourceQuality "1"]

1. d4 d5 2. c4 c6 3. cxd5 cxd5 4. Bf4 Nf6 5. e3 Nc6 6. Nc3 a6 7. Bd3 Bg4 8. Nge2 e6 9. Rc1 Be7 10. 0-0 0-0 11. Na4 Nd7 12. Bg3 Bh5 13. Qb3 Nb4 14. Bc7 Qe8 15. Nf4 Nxd3 16. Qxd3 Bg6 17. Nxg6 hxg6 18. Rc2 b5 19. Nb6 Nxb6 20. Bxb6 Rc8 21. Rfc1 Rc4 22. b3 Rxc2 23. Rxc2 Qb8 24. Bc5 Bd6 25. Bxd6 Qxd6 26. Rc5 Rb8 27. b4 Qd8 28. Qc3 Ra8 29. Rc7 Qd6 30. a3 g5 31. h3 Qb6 32. Rc6 Qd8 33. Qc5 a5 34. Qxb5 axb4 35. axb4 Ra1+ 36. Kh2 Qf6 37. Qb8+ Kh7 38. Qg3 Rb1 39. Rb6 Rb2 40. Kg1 Qf5 41. Rb7 Kg6 42. b5 Rb1+ 43. Kh2 Rb2 44. Kg1 Qb1+ 45. Kh2 Qf5 46. f3 Rb3 47. e4 dxe4 48. fxe4 Qxe4 49. Qxb3 Qxb7 50. b6 Kf6 51. Qf3+ Qxf3 52. gxf3 1-0

[Event "Titled Tuesday intern op 29th Nov Early"]
[Site "Chess.com INT"]
[Date "2022.11.29"]
[Round "6"]
[White "Megalios, Konstantinos"]
[Black "Postny, Evgeny"]
[Result "0-1"]
[WhiteElo "2397"]
[BlackElo "2588"]
[PlyCount "96"]
[EventDate "2022.11.29"]
[EventType "swiss (blitz)"]
[EventRounds "11"]
[EventCountry "USA"]
[SourceTitle "EXT 2024"]
[Source "ChessBase"]
[SourceDate "2023.10.10"]
[SourceVersion "1"]
[SourceVersionDate "2023.10.10"]
[SourceQuality "1"]

1. Nf3 d6 2. d4 g6 3. e4 Bg7 4. c3 Nf6 5. Bd3 0-0 6. 0-0 Nc6 7. Re1 e5 8. h3 Qe7 9. Bg5 h6 10. Bh4 Qe8 11. dxe5 dxe5 12. Nbd2 Nh5 13. Nc4 Nf4 14. Bf1 Kh7 15. b4 a6 16. a4 Nb8 17. Nfd2 Nd7 18. f3 Nf6 19. Bf2 N6h5 20. g4 Nf6 21. Bc5 Rg8 22. Qb1 b6 23. Bf2 h5 24. a5 b5 25. Ne3 Bh6 26. c4 hxg4 27. hxg4 Bg5 28. cxb5 axb5 29. Qb2 Kg7 30. Rac1 Rh8 31. Rxc7 Rh6 32. Rec1 Qh8 33. Bg2 Nxg2 34. Kxg2 Rh2+ 35. Kf1 Qh3+ 36. Ke2 Rxf2+ 37. Kxf2 Qh2+ 38. Ng2 Bh4+ 39. Ke3 Qxg2 40. Qxe5 Qf2+ 41. Kd3 Be6 42. R1c5 Rd8+ 43. Rd5 Bxd5 44. exd5 Rxd5+ 45. Qxd5 Nxd5 46. Rc5 Qe3+ 47. Kc2 Nxb4+ 48. Kd1 Qxc5 0-1